000 00577nam a2200229 a 4500
999 _c9329
_d9329
001 9329
003 BD-JhCC
005 20180313091131.0
008 180313s19711994i a|||| || | 000 0 eng d
035 _a(BD-JhCC)9329
040 _aBD-JhCC
_dBD-JhCC
041 _aeng
082 _a515.63
_bCHA 1994
100 _aChatterji, P. N.
245 _aVictor Calculus /
_cP. N. Chatterji,
250 _a2nd ed.
260 _aMeerut :
_bRajhans Prakashan Mandir,
_c1994.
300 _a272 p. :
_bill. ;
_c20 cm.
650 _aVictor Calculus
942 _2ddc
_cBK